000
00415nam a2200157Ia 4500
008
100204s9999 xx 000 0 und d
082
_b
27529
100
_a
खरे सुरेश
245
_a
सांगण्यासारख
250
_a
0
260
_c
2007
300
_a
164
630
_a
सांगण्यासारख
730
_a
सांगण्यासारख
942
_c
BOOK
999
_c
472702
_d
472699